|
|
|
|
| LEADER |
01332nam a2200349Ia 4500 |
| 001 |
EBC253985 |
| 003 |
MiAaPQ |
| 005 |
20200520144314.0 |
| 006 |
m o d | |
| 007 |
cr cn||||||||| |
| 008 |
000815s2005 enk s 000 0 eng d |
| 020 |
|
|
|z 1845445880
|
| 035 |
|
|
|a (MiAaPQ)EBC253985
|
| 035 |
|
|
|a (Au-PeEL)EBL253985
|
| 035 |
|
|
|a (CaPaEBR)ebr10103446
|
| 035 |
|
|
|a (CaONFJC)MIL50925
|
| 035 |
|
|
|a (OCoLC)133159760
|
| 040 |
|
|
|a MiAaPQ
|c MiAaPQ
|d MiAaPQ
|
| 050 |
|
4 |
|a HD38.5
|b .E68 2005
|
| 245 |
0 |
0 |
|a Enterprise resource planning and enterprise application integration
|h [electronic resource] /
|c guest editors: Marinos Themistocleous, Michael Rosemann and Peter Loos.
|
| 260 |
|
|
|a Bradford, England :
|b Emerald Group Publishing,
|c c2005.
|
| 300 |
|
|
|a 122 p.
|
| 490 |
0 |
|
|a Journal of enterprise information management ;
|v v.18, no. 4
|
| 533 |
|
|
|a Electronic reproduction. Ann Arbor, MI : ProQuest, 2015. Available via World Wide Web. Access may be limited to ProQuest affiliated libraries.
|
| 650 |
|
0 |
|a Business logistics.
|
| 650 |
|
0 |
|a Management.
|
| 655 |
|
4 |
|a Electronic books.
|
| 700 |
1 |
|
|a Loos, Peter.
|
| 700 |
1 |
|
|a Rosemann, Michael.
|
| 700 |
1 |
|
|a Themistocleous, Marinos.
|
| 710 |
2 |
|
|a ProQuest (Firm)
|
| 856 |
4 |
0 |
|u https://ebookcentral.proquest.com/lib/matrademy/detail.action?docID=253985
|z Click to View
|